000
00262nam a2200085Ia 4500
245
0
_a
Tea time for the traditionally built
100
_a
McCALL SMITH, Alexander Bath, 2009 Large print ed
_9
78144
942
_c
BK
008
210817s9999 xx 000 0 und d
999
_c
269469
_d
269468